| 000 | 00786nam a22001935i 4500 | ||
|---|---|---|---|
| 001 | 161717 | ||
| 003 | ES-MaACL | ||
| 005 | 20230906212339.0 | ||
| 008 | 041025s1875 sp |||| | spa d | ||
| 040 |
_aCAM _bspa _cCAM |
||
| 080 | _a392.4/.6 | ||
| 100 | 1 |
_aPeratoner, Amancio. _990399 |
|
| 245 | 1 | 0 |
_aHistoria del libertinaje desde la antigüedad más remota hasta nuestros días _b: estractada de los principales analistas de las costumbres de la humanidad / _cpor Amancio Peratoner. |
| 260 |
_aBarcelona : _bEstablecimiento tipográfico-editorial de José Miret, _c1875. |
||
| 300 |
_a1 v. (199 p. ; 214 p.) ; _c22 cm. |
||
| 597 | _a2 tomos en 1 v. | ||
| 650 | 0 | 4 |
_aCostumbres sexuales- _vHistoria. _911400 |
| 852 |
_aES-MaACL _jG-5905 _z. - Enc. hol. _z. - Legado M. de la Fuente |
||
| 999 |
_c161717 _d161717 |
||